[Event "British Chess Championships 2023: First Rapidplay U1750"]
[Site "De Montfort University, 20 Western Boulevard, Leicester, LE2 7BU"]
[Date "2023.07.21"]
[Round "4"]
[Board "2"]
[White "Vadalia, Jainill"]
[Black "Rea, William"]
[Result "1-0"]
[WhiteElo "1776"]
[BlackElo "1564"]
[PlyCount "0"]
[EventDate "2023.07.21"]
[EventRounds "7"]
[EventCountry "ENG"]

1. d4 Nf6 2. c4 e6 3. Nf3 d5 4. g3 c5 5. e3 cxd4 6. exd4 Nc6 7. Bg2 Bd6 8. Nc3 dxc4
9. O-O a6 10. a4 O-O 11. Qe2 Re8 12. Qxc4 e5 13. dxe5 Nxe5 14. Nxe5 Bxe5 15. Rd1
Qe7 16. Be3 Be6 17. Qc5 h6 18. Qxe5 Rac8 19. Qd6 Bg4 20. Qxe7 Rxe7 21. Rd4 Rce8 22.
Nd5 Nxd5 23. Rxd5 Bd7 24. Rd4 b5 25. axb5 Bxb5 26. Rad1 Kh7 27. Rd6 Rb8 28. R1d2
g6 29. Bc6 Bxc6 30. Rxc6 a5 31. Ra6 Rb5 32. Kg2 Kg7 33. Bd4+ Kh7 34. Bc3 g5 35. Rxa5
Rb6 36. Rad5 Rbb7 37. b4 Kg6 38. b5 Re6 39. Ba5 Re1 40. b6 Rb1 41. Rd6+ Kh5 42. h3
Rb5 43. g4+ Kh4 44. Rxh6#  1-0

[Event "British Chess Championships 2023: First Rapidplay U1750"]
[Site "De Montfort University, 20 Western Boulevard, Leicester, LE2 7BU"]
[Date "2023.07.21"]
[Round "4"]
[Board "3"]
[White "Ba, Amy"]
[Black "Day, Jonathan A"]
[Result "0-1"]
[WhiteElo "1403"]
[BlackElo "1664"]
[PlyCount "0"]
[EventDate "2023.07.21"]
[EventRounds "7"]
[EventCountry "ENG"]

1. e4 c6 2. Nc3 d5 3. Nf3 dxe4 4. Nxe4 Nf6 5. Qe2 Nxe4 6. Qxe4 Nd7 7. Bc4 Nf6 8.
Qe2 e6 9. d4 Bd6 10. O-O Qc7 11. h3 O-O 12. Bg5 Nd5 13. Bxd5 cxd5 14. c3 a6 15. a4
Bd7 16. Ne5 Be8 17. Bd2 b5 18. axb5 Bxb5 19. c4 dxc4 20. Ba5 Qc8 21. Rfc1 Bxe5 22.
dxe5 Qb7 23. Qg4 Rac8 24. Bd2 Qd5 25. Bf4 Qe4 26. Rc3 Qg6 27. Qxg6 hxg6 28. Rac1
Rcd8 29. b3 cxb3 30. Rxb3 Rd5 31. Bg3 Rfd8 32. Rbb1 Be2 33. Bf4 Rd1+ 34. Rxd1 Rxd1+
35. Rxd1 Bxd1 36. Bd2 Kf8 37. f4 Ke7 38. Kf2 Kd7 39. g4 f6 40. Kg3 f5 41. Kh4 Bc2
42. gxf5 Bxf5 43. Kg5 Kc6 44. h4 Kb5 45. h5 gxh5 46. Kxh5 g6 47. Kg5 a5 48. Kh4 a4
49. Kg3 Kc4 50. Bc1 Kb3 51. Kf3 a3 52. Bxa3 Kxa3 53. Ke3 Kb3 54. Kd4 Kc2 55. Ke3
Kc3 56. Kf3 Kd3 57. Kf2 Ke4 58. Kg3 Ke3 59. Kh4 Bb1 60. Kg4 Kf2 61. Kg5 Kf3 62. f5
gxf5 63. Kf6 Ba2 64. Kg5 Ke3 65. Kh4 f4 66. Kh3 Ke2 67. Kg2 f3 68. Kh2 f2 69. Kg3
f1=Q 70. Kg4 Qf3+ 71. Kg5 Qf5+ 72. Kh4 Qg6 73. Kh3 Kf3 74. Kh2 Qg2+  0-1

[Event "British Chess Championships 2023: First Rapidplay U1750"]
[Site "De Montfort University, 20 Western Boulevard, Leicester, LE2 7BU"]
[Date "2023.07.21"]
[Round "4"]
[Board "4"]
[White "Tomlinson, Zak"]
[Black "Michener, Max"]
[Result "0-1"]
[WhiteElo "1724"]
[BlackElo "1699"]
[PlyCount "0"]
[EventDate "2023.07.21"]
[EventRounds "7"]
[EventCountry "ENG"]

1. e4 e5 2. Nf3 Nc6 3. Bb5 a6 4. Ba4 b5 5. Bb3 Nf6 6. O-O Bc5 7. d3 d6 8. h3 h6 9.
c3 Bb6 10. Qe2 O-O 11. Be3 Ba7 12. Nbd2 Nh7 13. Rfd1 Na5 14. Bxa7 Rxa7 15. Bc2 Qe7
16. Nb3 Nxb3 17. Bxb3 Be6 18. Bxe6 Qxe6 19. Qe3 Raa8 20. a4 bxa4 21. Rdb1 Qd7 22.
Ra3 Rab8 23. Rba1 Rxb2 24. Rxa4 Rb1+ 25. Rxb1 Qxa4 26. Qa7 Qc6 27. Rb7 Qxc3 28. Qxa6
Nf6 29. Qb5 Ra8 30. Rb8+ Rxb8 31. Qxb8+ Kh7 32. Qf8 Qxd3 33. Qxf7 c6 34. Qc7 c5 35.
Qf7 Qxe4 36. Kh2 c4 37. Qc7 Qf4+ 38. Kg1 Qc1+ 39. Kh2 e4 40. Nd4 Qf4+ 41. Kg1 e3
42. fxe3 Qxe3+  0-1

[Event "British Chess Championships 2023: First Rapidplay U1750"]
[Site "De Montfort University, 20 Western Boulevard, Leicester, LE2 7BU"]
[Date "2023.07.21"]
[Round "4"]
[Board "5"]
[White "Godwin, Charles"]
[Black "Stokes, Richard"]
[Result "1-0"]
[WhiteElo "1567"]
[BlackElo "1700"]
[PlyCount "0"]
[EventDate "2023.07.21"]
[EventRounds "7"]
[EventCountry "ENG"]

1. d4 d5 2. c4 e5 3. dxe5 d4 4. Nf3 Nc6 5. Bg5 f6 6. exf6 Nxf6 7. Nbd2 Bg4 8. e3
dxe3 9. Bxe3 Qd7 10. Be2 O-O-O 11. O-O h5 12. h4 Be7 13. Ng5 Qe8 14. Bxg4+ Nxg4 15.
Qe2 Bxg5 16. hxg5 Qe5 17. Nf3 Qe6 18. Rfd1 Rde8 19. Rd3 h4 20. Rad1 h3 21. g3 h2+
22. Kh1 Nxe3 23. Rxe3 Qf7 24. b3 Qh5 25. Re1 Rhf8 26. Rxe8+ Rxe8 27. Qxe8+ Qxe8 28.
Rxe8+ Kd7 29. Rg8  1-0

[Event "British Chess Championships 2023: First Rapidplay U1750"]
[Site "De Montfort University, 20 Western Boulevard, Leicester, LE2 7BU"]
[Date "2023.07.21"]
[Round "4"]
[Board "6"]
[White "London, Nick J"]
[Black "Harrison, Oliver"]
[Result "0-1"]
[WhiteElo "1699"]
[BlackElo "1648"]
[PlyCount "0"]
[EventDate "2023.07.21"]
[EventRounds "7"]
[EventCountry "ENG"]

1. d4 Nf6 2. c4 e6 3. g3 d5 4. Nf3 c6 5. Bg2 h6 6. O-O Be7 7. Qc2 O-O 8. Nbd2 Nbd7
9. b3 c5 10. Bb2 Nb6 11. Rfd1 Bd7 12. e4 dxc4 13. Nxc4 Nxc4 14. bxc4 cxd4 15. Rxd4
Qc7 16. Rad1 Bc6 17. e5 Nd7 18. R4d3 Nb6 19. Qc1 Ba4 20. Re1 Qxc4 21. Rc3 Qxa2 22.
Rc7 Bb4 23. Re4 Nd5 24. Rxb7 a5 25. Rh4 Rfc8 26. Rc4 Rxc4  0-1

[Event "British Chess Championships 2023: First Rapidplay U1750"]
[Site "De Montfort University, 20 Western Boulevard, Leicester, LE2 7BU"]
[Date "2023.07.21"]
[Round "4"]
[Board "7"]
[White "Hankey, Chris P"]
[Black "Munshi, Aryan"]
[Result "0-1"]
[WhiteElo "1680"]
[BlackElo "1643"]
[PlyCount "0"]
[EventDate "2023.07.21"]
[EventRounds "7"]
[EventCountry "ENG"]

1. d4 d5 2. c4 e6 3. Nc3 Nf6 4. Bg5 Be7 5. Nf3 h6 6. Bh4 c6 7. e3 Nbd7 8. cxd5 exd5
9. Bd3 Ne4 10. Bxe7 Qxe7 11. Qc2 f5 12. O-O O-O 13. g3 Kh8 14. Nh4 Qf6 15. Ne2 g5
16. Nf3 Rg8 17. Nd2 c5 18. f3 Nxd2 19. Qxd2 c4 20. Bc2 Qe6 21. e4 fxe4 22. fxe4 dxe4
23. d5 Qe5 24. Qd4 Qxd4+ 25. Nxd4 Nc5 26. Rf7 Bh3 27. Nf3 Raf8 28. Ne5 Rxf7 29. Nxf7+
Kg7 30. Ne5 b5 31. a4 Re8 32. axb5 Rxe5 33. Rxa7+ Kf6 34. b6 e3 35. Bd1 Rxd5 36.
Be2 Rd7 37. Ra8 Rb7 38. Rh8 Kg7 39. Rc8 Bxc8  0-1

[Event "British Chess Championships 2023: First Rapidplay U1750"]
[Site "De Montfort University, 20 Western Boulevard, Leicester, LE2 7BU"]
[Date "2023.07.21"]
[Round "4"]
[Board "8"]
[White "Zhang, Lionel"]
[Black "Karia, Kamlesh"]
[Result "1-0"]
[WhiteElo "1475"]
[BlackElo "1543"]
[PlyCount "0"]
[EventDate "2023.07.21"]
[EventRounds "7"]
[EventCountry "ENG"]

1. e4 e5 2. Nf3 Nc6 3. Bc4 Nf6 4. d3 Be7 5. O-O d6 6. h3 Na5 7. Bb3 Nxb3 8. axb3
h6 9. Be3 a6 10. Nc3 c6 11. Ne2 g5 12. Nh2 g4 13. h4 h5 14. g3 Nh7 15. Qd2 Bxh4 16.
gxh4 Qxh4 17. d4 Rg8 18. Ng3 Ng5 19. Bxg5 Qxg5 20. Qxg5 Rxg5 21. dxe5 Rxe5 22. Rfe1
Kf8 23. Rad1 h4 24. Ngf1 d5 25. exd5 Rxe1 26. Rxe1 cxd5 27. Ne3 g3 28. fxg3 hxg3
29. Nhf1 d4 30. Nc4 b5 31. Nb6 Rb8 32. Nxc8 Rxc8 33. Re2 Rd8 34. Rd2 f5 35. Nxg3
f4 36. Ne2 f3 37. Nxd4 Kf7 38. Nxf3  1-0

[Event "British Chess Championships 2023: First Rapidplay U1750"]
[Site "De Montfort University, 20 Western Boulevard, Leicester, LE2 7BU"]
[Date "2023.07.21"]
[Round "4"]
[Board "9"]
[White "Shiva, Shrishti"]
[Black "Szwajkun, Richard"]
[Result "1-0"]
[WhiteElo "1442"]
[BlackElo "1747"]
[PlyCount "0"]
[EventDate "2023.07.21"]
[EventRounds "7"]
[EventCountry "ENG"]

1. e4 d5 2. exd5 Qxd5 3. Nc3 Qa5 4. d4 Nf6 5. Bd2 c6 6. Nb5 Qb6 7. Nc3 Bf5 8. Nf3
e6 9. Rb1 Nbd7 10. Bc4 Be7 11. h3 h6 12. O-O O-O 13. Be3 Nd5 14. Nxd5 exd5 15. Bd3
Bxd3 16. Qxd3 Bd6 17. Rfe1 Rae8 18. Qd2 Nf6 19. Nh4 Ne4 20. Qd3 Qc7 21. Nf3 b6 22.
c3 Qd7 23. Nd2 f5 24. Nxe4 fxe4 25. Qe2 Rf5 26. Qg4 Qe6 27. Rf1 Bf4 28. Bxf4 Qf6
29. Be3 Re6 30. Rbe1 Qf7 31. f4 Rg6 32. Qe2 h5 33. Kh2 Qe7 34. Rg1 h4 35. Qf2 Rg3
36. Qd2 Qf6 37. Bf2 Rd3 38. Qe2 g5 39. Rgf1 gxf4 40. Qg4+ Kf7 41. Bxh4 Qg6 42. Rxf4
Qxg4 43. Rxg4 Rd2 44. Rb1 e3 45. Bg5 Re2 46. Rf4 Rf2 47. Rxf5+ Rxf5 48. Bxe3 Kg6
49. Rd1 b5 50. Rd2  1-0

[Event "British Chess Championships 2023: First Rapidplay U1750"]
[Site "De Montfort University, 20 Western Boulevard, Leicester, LE2 7BU"]
[Date "2023.07.21"]
[Round "4"]
[Board "10"]
[White "Edgar, Barry"]
[Black "Riggs, Samuel"]
[Result "1/2-1/2"]
[WhiteElo "1696"]
[BlackElo "1425"]
[PlyCount "0"]
[EventDate "2023.07.21"]
[EventRounds "7"]
[EventCountry "ENG"]

1. d4 Nf6 2. Bf4 g6 3. Nc3 d5 4. e3 Bg7 5. h4 c5 6. Nb5 Qa5+ 7. c3 Na6 8. a4 c4 9.
Be2 h5 10. Nf3 Bd7 11. b4 cxb3 12. Qxb3 O-O 13. Ne5 Bxb5 14. Bxb5 Nc7 15. O-O Nxb5
16. Qxb5 Qxb5 17. axb5 Rfc8 18. Rfc1 Ne4 19. Ra3 Bxe5 20. Bxe5 f6 21. Bf4 Rc4 22.
f3 Nd6 23. Bxd6 exd6 24. Kf2 Kf7 25. f4 Ke6 26. Kf3 a5 27. bxa6 bxa6 28. Ra5 Ra7
29. g4 hxg4+ 30. Kxg4 Rac7 31. Ra3 a5 32. Kf3 a4 33. Rca1 Ra7 34. R1a2 Ra8  1/2-1/2

[Event "British Chess Championships 2023: First Rapidplay U1750"]
[Site "De Montfort University, 20 Western Boulevard, Leicester, LE2 7BU"]
[Date "2023.07.21"]
[Round "4"]
[Board "11"]
[White "Seet, Joshua"]
[Black "Jones, Dixon H"]
[Result "1-0"]
[WhiteElo "1614"]
[BlackElo "1688"]
[PlyCount "0"]
[EventDate "2023.07.21"]
[EventRounds "7"]
[EventCountry "ENG"]

1. d4 d5 2. c4 c6 3. Nc3 e6 4. cxd5 cxd5 5. Nf3 Bd6 6. Bg5 Nf6 7. e3 O-O 8. Bd3 Nbd7
9. O-O Qc7 10. Rc1 h6 11. Bh4 Qd8 12. e4 dxe4 13. Nxe4 Be7 14. Nxf6+ Nxf6 15. Ne5
Kh8 16. Bb1 b6 17. Bxf6 Bxf6 18. Qf3 Ba6 19. Rfd1 Qc7 20. Rxc7  1-0

[Event "British Chess Championships 2023: First Rapidplay U1750"]
[Site "De Montfort University, 20 Western Boulevard, Leicester, LE2 7BU"]
[Date "2023.07.21"]
[Round "4"]
[Board "12"]
[White "Halford-Maw, Oliver"]
[Black "Chedd, Neil"]
[Result "0-1"]
[WhiteElo "1498"]
[BlackElo "1651"]
[PlyCount "0"]
[EventDate "2023.07.21"]
[EventRounds "7"]
[EventCountry "ENG"]

1. e4 c6 2. d4 d5 3. exd5 cxd5 4. c4 Nf6 5. Nc3 Nc6 6. Nf3 e6 7. Be2 Bd6 8. O-O O-O
9. Re1 Re8 10. c5 Bc7 11. Bb5 Bd7 12. Bg5 a6 13. Bxc6 bxc6 14. a3 h6 15. Bh4 g5 16.
Bg3 Bxg3 17. hxg3 Rb8 18. b4 Qc7 19. Ne5 Kg7 20. f3 Nh5 21. f4 Nxg3 22. fxg5 Nf5
23. gxh6+ Nxh6 24. Qh5 Qd8 25. Rf1 Rf8 26. Rf2 Be8 27. Ng4 Rh8 28. Nxh6  0-1

[Event "British Chess Championships 2023: First Rapidplay U1750"]
[Site "De Montfort University, 20 Western Boulevard, Leicester, LE2 7BU"]
[Date "2023.07.21"]
[Round "4"]
[Board "13"]
[White "Edwards, Rhys"]
[Black "Halford-Maw, Samuel"]
[Result "1-0"]
[WhiteElo "1680"]
[BlackElo "1498"]
[PlyCount "0"]
[EventDate "2023.07.21"]
[EventRounds "7"]
[EventCountry "ENG"]

1. d4 Nf6 2. Nf3 g6 3. c4 Bg7 4. Nc3 d6 5. Bg5 O-O 6. e3 c5 7. d5 e5 8. dxe6 Bxe6
9. Be2 h6 10. Bh4 g5 11. Bg3 d5 12. cxd5 Nxd5 13. Be5 f6 14. Bg3 Nc6 15. O-O Nxc3
16. bxc3 f5 17. Qc2 Qf6 18. c4 Nb4 19. Qa4 Rfd8 20. Rab1 Qf7 21. Rfc1 a6 22. a3 Nd3
23. Bxd3 Rxd3 24. Ne5 Qe7 25. Nxd3 Rd8 26. Rd1 Bd7 27. Qa5 f4 28. exf4 Bf5 29. Nxc5
Bxb1 30. Qxd8+ Qxd8 31. Rxd8+ Kh7 32. fxg5 hxg5 33. Ne6 Bf6 34. Rd7+ Kg6 35. Rxb7
Be4 36. Rb6 Kf5 37. Rxa6 Bb7 38. Rb6 Bc8 39. Nc7 Bd8 40. Rb5+ Kg6 41. Nd5 Bf5 42.
a4 Bd3 43. Ne3 Bf6 44. Rb6 Kf7 45. c5 Be7 46. c6 Bd8 47. Rb7+ Ke6 48. Rd7  1-0

[Event "British Chess Championships 2023: First Rapidplay U1750"]
[Site "De Montfort University, 20 Western Boulevard, Leicester, LE2 7BU"]
[Date "2023.07.21"]
[Round "4"]
[Board "14"]
[White "Boztas, Lana"]
[Black "Al Dakl Alla, Humam"]
[Result "1-0"]
[WhiteElo "1486"]
[BlackElo "1464"]
[PlyCount "0"]
[EventDate "2023.07.21"]
[EventRounds "7"]
[EventCountry "ENG"]

1. c4 e5 2. Nc3 Nf6 3. d3 Bc5 4. g3 c6 5. Bg2 Qb6 6. e3 Qd8 7. Nf3 Qe7 8. O-O Bb6
9. d4 e4 10. Ng5 d5 11. cxd5 cxd5 12. Nh3 O-O 13. Nf4 Be6 14. a3 Bc7 15. Nxe6 fxe6
16. Bd2 Qd7 17. Rc1 a6 18. Na4 Bd8 19. Nc5 Qe7 20. Bh3 e5 21. dxe5 Qxe5 22. Bc3 Qe7
23. Ne6 Re8 24. Nxd8 Qxd8 25. Bxf6 Qxf6 26. Qxd5+ Kh8 27. Qxb7 Nd7 28. Bxd7  1-0

[Event "British Chess Championships 2023: First Rapidplay U1750"]
[Site "De Montfort University, 20 Western Boulevard, Leicester, LE2 7BU"]
[Date "2023.07.21"]
[Round "5"]
[Board "1"]
[White "Day, Jonathan A"]
[Black "Turkoz, Dogukan Eftal"]
[Result "1-0"]
[WhiteElo "1664"]
[BlackElo "1398"]
[PlyCount "0"]
[EventDate "2023.07.21"]
[EventRounds "7"]
[EventCountry "ENG"]

1. e4 c6 2. d4 d5 3. exd5 cxd5 4. c4 Nf6 5. Nc3 g6 6. Qb3 Nbd7 7. cxd5 Nb6 8. Bc4
Bg7 9. Nf3 O-O 10. O-O Bg4 11. Ne5 Bf5 12. Bg5 Rc8 13. Bxf6 exf6 14. Nxf7 Rxf7 15.
Be2 Kh8 16. a4 Rd7 17. Bb5 Rd6 18. Rfe1 Bd7 19. a5 Na8 20. Bc4 f5 21. Re5 a6 22.
Rae1 Bf8 23. Na4 Rf6 24. Nc5 Bxc5 25. dxc5 Rxc5 26. Qb4 Qc8 27. b3 Rf8 28. d6 Rxe5
29. Rxe5 h6 30. Qc3 Kh7 31. Re7+  1-0

[Event "British Chess Championships 2023: First Rapidplay U1750"]
[Site "De Montfort University, 20 Western Boulevard, Leicester, LE2 7BU"]
[Date "2023.07.21"]
[Round "5"]
[Board "2"]
[White "Michener, Max"]
[Black "Vadalia, Jainill"]
[Result "0-1"]
[WhiteElo "1699"]
[BlackElo "1776"]
[PlyCount "0"]
[EventDate "2023.07.21"]
[EventRounds "7"]
[EventCountry "ENG"]

1. e4 d6 2. d4 Nf6 3. Nc3 e5 4. dxe5 dxe5 5. Qxd8+ Kxd8 6. Bg5 Be6 7. O-O-O+ Ke8
8. Nb5 Na6 9. Bxf6 gxf6 10. Nc3 Nc5 11. Nf3 Bh6+ 12. Kb1 c6 13. a3 Ke7 14. Be2 Rad8
15. b4 Nd7 16. Nd2 Nf8 17. Nc4 Ng6 18. Rxd8 Rxd8 19. Rd1 Rxd1+ 20. Nxd1 Nf4 21. Bf1
Bxc4 22. Bxc4 Nxg2 23. Bf1 Nh4 24. Be2 Ng6 25. Kb2 Nf4 26. Bf3 Ne6 27. Kc3 b5 28.
Nb2 Bc1 29. Bg2 Nd4 30. Bf1 Kd6 31. h3 h6 32. Bd3 Nf3 33. Be2 Ng5 34. f3 Nxh3 35.
Nd3 Be3 36. Bf1 Ng5 37. Bg2 h5 38. Ne1 h4 39. Kd3 Bc1 40. Kc3 a6 41. Nd3 Be3 42.
Ne1 h3 43. Bh1 Ke6 44. Kd3 Bf2 45. Ke2 Bxe1 46. Kxe1 f5 47. exf5+ Kxf5 48. Kf2 Kf4
49. c3 f5  0-1

[Event "British Chess Championships 2023: First Rapidplay U1750"]
[Site "De Montfort University, 20 Western Boulevard, Leicester, LE2 7BU"]
[Date "2023.07.21"]
[Round "5"]
[Board "3"]
[White "Mehrgan, Mehrsam"]
[Black "Munshi, Aryan"]
[Result "1-0"]
[WhiteElo "1659"]
[BlackElo "1643"]
[PlyCount "0"]
[EventDate "2023.07.21"]
[EventRounds "7"]
[EventCountry "ENG"]

1. Nf3 d5 2. d4 Nf6 3. c4 e6 4. Nc3 Be7 5. Bf4 c6 6. e3 Nbd7 7. Bd3 O-O 8. O-O dxc4
9. Bxc4 Nb6 10. Bd3 Nfd5 11. Bg3 Bd6 12. e4 Bxg3 13. fxg3 Nxc3 14. bxc3 Nd7 15. Qc2
e5 16. Rab1 Qe7 17. Rf2 b6 18. Rbf1 f6 19. Bc4+ Kh8 20. d5 cxd5 21. Bxd5 Rb8 22.
c4 Bb7 23. Nd2 Rfc8 24. Qd3 Nc5 25. Qf3 Ne6 26. Nb3 Rc7 27. Qf5 Ng5 28. h4 Bc8 29.
Qxg5 Ba6 30. Qc1 Rbc8 31. Rc2 Qb4 32. Rf3 Qd6 33. Rfc3 Qb4 34. c5 b5 35. a3 Qa4 36.
c6 b4 37. Nc5 Qb5 38. axb4 Qb6 39. Ra3 Bb5 40. Kh2 Bxc6 41. Bxc6 Rxc6 42. Qd2 Qb8
43. Rca2 Rd6 44. Rd3 Rxd3 45. Nxd3 Rd8 46. Qe3 Qb5 47. Nf2 Qxb4 48. Qxa7 h6 49. Qc7
Rg8 50. Ra7 Qd4 51. Ng4 Qxe4 52. Nxf6 gxf6 53. Qf7 Qg6 54. Qd5 Qxg3+ 55. Kg1 Qe1+
56. Kh2 Qxh4+ 57. Kg1 Qd4+ 58. Qxd4 exd4 59. Rd7 Rg4 60. Kf2 Re4 61. Kf3 Re3+ 62.
Kf4 Re2 63. g3 Rd2 64. Kf5 Rf2+ 65. Kg6  1-0

[Event "British Chess Championships 2023: First Rapidplay U1750"]
[Site "De Montfort University, 20 Western Boulevard, Leicester, LE2 7BU"]
[Date "2023.07.21"]
[Round "5"]
[Board "4"]
[White "Harrison, Oliver"]
[Black "Godwin, Charles"]
[Result "1-0"]
[WhiteElo "1648"]
[BlackElo "1567"]
[PlyCount "0"]
[EventDate "2023.07.21"]
[EventRounds "7"]
[EventCountry "ENG"]

1. e4 c6 2. c4 d5 3. cxd5 cxd5 4. exd5 Nf6 5. Qa4+ Bd7 6. Qb3 Qc7 7. Nc3 a6 8. Nf3
e6 9. dxe6 Bxe6 10. Qd1 Nc6 11. d4 Rd8 12. Be3 Qb6 13. Na4 Bb4+ 14. Bd2 Bxd2+ 15.
Qxd2 Qb4 16. Nc5 Nxd4 17. Nxd4 Qxc5 18. Nxe6 Rxd2 19. Nxc5 Rxb2 20. O-O-O Rb6 21.
Bb5+ axb5 22. Rhe1+ Re6 23. Nxe6 fxe6 24. Rxe6+ Kf7 25. Rb6 Re8 26. Rxb7+ Kg6 27.
Rxb5 Re2 28. Rd2 Re1+ 29. Kb2 Ne4 30. Rc2 h6 31. f3 Nf6 32. a4 Nd7 33. a5 Re6 34.
Ka3 Ra6 35. Rcb2 Kh7 36. Ka4 Ra8 37. Rd5 Nb8 38. Rxb8 Rxb8 39. a6 Rb2 40. Ra5 Rb8
41. a7 Ra8 42. Kb5 g5 43. Kb6  1-0

[Event "British Chess Championships 2023: First Rapidplay U1750"]
[Site "De Montfort University, 20 Western Boulevard, Leicester, LE2 7BU"]
[Date "2023.07.21"]
[Round "5"]
[Board "5"]
[White "Rea, William"]
[Black "Zhang, Lionel"]
[Result "1/2-1/2"]
[WhiteElo "1564"]
[BlackElo "1475"]
[PlyCount "0"]
[EventDate "2023.07.21"]
[EventRounds "7"]
[EventCountry "ENG"]

1. c4 e5 2. Nc3 Nf6 3. Nf3 Nc6 4. g3 Bb4 5. Bg2 d6 6. O-O O-O 7. a3 Bxc3 8. bxc3
Be6 9. Qa4 Bd7 10. Qc2 Rb8 11. d4 exd4 12. cxd4 Re8 13. e3 Qe7 14. Bb2 d5 15. Rfe1
dxc4 16. Qxc4 Rec8 17. d5 Na5 18. Qc3 b6 19. Qd3 b5 20. Nd2 a6 21. e4 Nb7 22. e5
Ne8 23. Qd4 Rd8 24. e6 fxe6 25. Rac1 Rbc8 26. Qe3 c5 27. dxc6 Bxc6 28. Bxc6 Na5 29.
Bxe8 Rxe8 30. Rxc8 Rxc8 31. Qxe6+ Qxe6 32. Rxe6 Rc2 33. Rxa6 Rxd2 34. Rxa5 Rxb2 35.
Kg2 Kf7 36. Ra7+ Kf6 37. Rb7 Ra2 38. Rxb5 Rxa3 39. Kh3 Rf3 40. Kg2 Rc3 41. h4 Rc2
42. Rb6+ Kf7 43. Rb4 Kg6 44. Rf4 Ra2 45. Kh3 Ra3 46. f3 h6 47. g4 Ra5 48. Kg3 Rb5
49. Ra4 Kf7 50. f4 Rb3+ 51. Kf2 Rh3 52. h5 Rh2+ 53. Kg3 Rb2 54. g5 hxg5 55. fxg5
Rb5 56. Kg4 Re5 57. Ra7+ Kf8 58. g6 Rb5 59. Rf7+ Kg8 60. Rc7 Kf8 61. Rf7+ Kg8 62.
Rf5 Rb4+ 63. Kg5 Rb6 64. h6 gxh6+ 65. Kxh6 Rb1 66. Re5 Rh1+ 67. Kg5 Rg1+ 68. Kf6
Rf1+ 69. Rf5 Rxf5+ 70. Kxf5 Kg7 71. Kg5 Kg8 72. Kf6 Kf8 73. g7+ Kg8 74. Kg6  1/2-1/2

[Event "British Chess Championships 2023: First Rapidplay U1750"]
[Site "De Montfort University, 20 Western Boulevard, Leicester, LE2 7BU"]
[Date "2023.07.21"]
[Round "5"]
[Board "6"]
[White "Ba, Amy"]
[Black "Tomlinson, Zak"]
[Result "0-1"]
[WhiteElo "1403"]
[BlackElo "1724"]
[PlyCount "0"]
[EventDate "2023.07.21"]
[EventRounds "7"]
[EventCountry "ENG"]

1. e4 e5 2. Nf3 Nc6 3. d4 exd4 4. Nxd4 Bc5 5. Be3 Qf6 6. c3 Nge7 7. Bc4 a6 8. a4
Nxd4 9. Bxd4 Bxd4 10. cxd4 O-O 11. O-O Nc6 12. e5 Qf4 13. Bd5 Nxd4 14. g3 Qxe5 15.
Nc3 c6 16. Re1 Qf6 17. Ne4 Nf3+ 18. Kh1 Qf5 19. Nd6 Qxd5 20. Nxc8 Nxe1+ 21. Qxd5
cxd5 22. Ne7+ Kh8 23. Rxe1 Rfe8 24. Kg1 g6 25. Kf1 Kg7 26. Nxd5 Rxe1+ 27. Kxe1 Rc8
28. Kd1 Rc5 29. Nc3 d5 30. Ne2 f5 31. Kd2 Kf6  0-1

[Event "British Chess Championships 2023: First Rapidplay U1750"]
[Site "De Montfort University, 20 Western Boulevard, Leicester, LE2 7BU"]
[Date "2023.07.21"]
[Round "5"]
[Board "7"]
[White "Stokes, Richard"]
[Black "Shiva, Shrishti"]
[Result "1-0"]
[WhiteElo "1700"]
[BlackElo "1442"]
[PlyCount "0"]
[EventDate "2023.07.21"]
[EventRounds "7"]
[EventCountry "ENG"]

1. e4 e5 2. f4 exf4 3. Nf3 g5 4. Bc4 Nc6 5. O-O Bg7 6. c3 d6 7. Qb3 Qe7 8. Nxg5 Qxg5
9. Bxf7+ Kd8 10. d3 Bh3 11. Rf2 Qg4 12. Bxf4 Be5 13. Qxb7 Rb8 14. Qxc6 Ke7 15. Qxc7+
Kf6 16. Bxe5+ Kxe5 17. Qa5+ Rb5 18. Qxb5+ d5 19. Qxd5#  1-0

[Event "British Chess Championships 2023: First Rapidplay U1750"]
[Site "De Montfort University, 20 Western Boulevard, Leicester, LE2 7BU"]
[Date "2023.07.21"]
[Round "5"]
[Board "8"]
[White "Chedd, Neil"]
[Black "London, Nick J"]
[Result "1/2-1/2"]
[WhiteElo "1651"]
[BlackElo "1699"]
[PlyCount "0"]
[EventDate "2023.07.21"]
[EventRounds "7"]
[EventCountry "ENG"]

1. d4 Nf6 2. e3 c5 3. c3 e6 4. Bd3 Nc6 5. Nf3 d6 6. O-O Be7 7. Nbd2 O-O 8. b3 b6
9. Bb2 Bb7 10. Re1 e5 11. e4 cxd4 12. cxd4 Nb4 13. Bb1 Nd7 14. a3 Na6 15. dxe5 dxe5
16. Nc4 f6 17. Ba2 Kh8 18. b4 Nc7 19. Qe2 a5 20. bxa5 bxa5 21. Nh4 Nc5 22. Qh5 Qe8
23. Qg4 Bc8 24. Qg3 N7e6 25. Nf5 Bb7 26. f3 g6 27. Nfd6 Qc6 28. Red1 Nf4 29. Qf2
Ncd3 30. Qd2 Bxd6 31. Nxd6 Qxd6 32. Bc4 Qb6+ 33. Kf1 Nxb2 34. Rab1 Nxc4 35. Rxb6
Nxd2+ 36. Rxd2 Rab8 37. g3 Nh5 38. Kf2 Ba8 39. Ra6 Rb5 40. Ra7 Rfb8 41. g4 Nf4 42.
Kg3 Rb3 43. Rdd7 Bxe4 44. Rxh7+ Kg8 45. Rag7+ Kf8 46. Rf7+ Ke8 47. Re7+ Kd8 48. Rd7+
Kc8 49. Rc7+ Kd8 50. Rcd7+  1/2-1/2

[Event "British Chess Championships 2023: First Rapidplay U1750"]
[Site "De Montfort University, 20 Western Boulevard, Leicester, LE2 7BU"]
[Date "2023.07.21"]
[Round "5"]
[Board "9"]
[White "Edgar, Barry"]
[Black "Seet, Joshua"]
[Result "0-1"]
[WhiteElo "1696"]
[BlackElo "1614"]
[PlyCount "0"]
[EventDate "2023.07.21"]
[EventRounds "7"]
[EventCountry "ENG"]

1. d4 c6 2. Bf4 d5 3. c3 Nf6 4. e3 Bg4 5. Nf3 e6 6. h3 Bh5 7. Be2 Bd6 8. Ne5 Bxe2
9. Qxe2 O-O 10. Nd2 c5 11. Ndf3 cxd4 12. exd4 Nc6 13. O-O Qc7 14. Bh2 Ne4 15. Nxc6
Bxh2+ 16. Nxh2 bxc6 17. Nf3 c5 18. Nd2 Nxd2 19. Qxd2 cxd4 20. Qxd4 Rab8 21. Rab1
Qa5 22. b4 Qxa2 23. Ra1 Qb2 24. Rxa7 Rfc8 25. Re7 Qxc3 26. Qa7 Rf8 27. Rxf7 Rxf7
28. Qxb8+ Rf8 29. Qb6 Qe5 30. Qc6 Qe2 31. b5 d4 32. b6 d3 33. b7 d2 34. Qc2 Rd8  0-1

[Event "British Chess Championships 2023: First Rapidplay U1750"]
[Site "De Montfort University, 20 Western Boulevard, Leicester, LE2 7BU"]
[Date "2023.07.21"]
[Round "5"]
[Board "10"]
[White "Riggs, Samuel"]
[Black "Edwards, Rhys"]
[Result "0-1"]
[WhiteElo "1425"]
[BlackElo "1680"]
[PlyCount "0"]
[EventDate "2023.07.21"]
[EventRounds "7"]
[EventCountry "ENG"]

1. e4 e5 2. Nf3 Nc6 3. Nc3 Nf6 4. d4 exd4 5. Nxd4 Bb4 6. Nxc6 Bxc3+ 7. bxc3 dxc6
8. Bg5 O-O 9. Qxd8 Rxd8 10. Bxf6 gxf6 11. Bd3 c5 12. O-O Be6 13. a4 c4 14. Be2 Rd2
15. Bd1 f5 16. e5 f4 17. Rc1 Rad8 18. Bf3 Bd5 19. Bxd5 R8xd5 20. Rfe1 Kg7 21. Kf1
a6 22. e6 fxe6 23. Rxe6 Kf7 24. Rh6 Kg7 25. Re6 c6 26. Re4 f3 27. gxf3 b5 28. a5
Kf6 29. Re8 Rd1+ 30. Rxd1 Rxd1+ 31. Re1 Rd2 32. Re2 Rd1+ 33. Re1 Rd5 34. Re8 c5 35.
Ra8 Rd6 36. Rc8 Kf5 37. Rxc5+ Kf4 38. Rc7 Kxf3 39. Rxh7 Rd1#  0-1